| 000 | 00604nam a2200205 a 4500 | ||
|---|---|---|---|
| 005 | 20220428111617.0 | ||
| 008 | 010924s1999 mx r 000 0 spa d | ||
| 020 | _a8432310166 | ||
| 035 | _aUPN01000112796 | ||
| 049 | _aCG | ||
| 050 | 4 |
_aQA29 A7 _bS7.38 |
|
| 100 | 1 |
_aStrathern, Paul, _d1940- _932449 |
|
| 245 | 1 | 0 |
_aArquímedes y la palanca / _cPaul Strathern ; tr. Anton Corriente. |
| 260 |
_aMadrid : _bSiglo XXI, _c1999. |
||
| 300 |
_a95 p. : _bil. |
||
| 440 | 4 | _aLos científicos y sus descubrimientos | |
| 600 | 0 | 4 |
_aARQUIMEDES, _d287-212 A.C. _92366 |
| 650 | 4 |
_aPALANCAS _921438 |
|
| 905 | _aLibro | ||
| 999 |
_c86704 _d86704 |
||